Obálka
Pro půjčování e-knih musíte být přihlášeni.
Jak si půjčit online?

Mizení /

Další z řady detektivních románů s hlavním hrdinou Tomášem Volfem a jeho kolegyní Evou Černou.

Uloženo v:
Série:Detektiv Volf, část 4
Hlavní autor: Březina, Jiří, 1980- (Autor)
Další autoři: Saic, Jakub, 1969- (Autor)
Médium: E-audiokniha
Jazyk:Czech
Vydáno: Praha : Voxi, [2022]
Témata:
Příbuzné jednotky:Z cyklu:: Detektiv Volf
Tagy:
Žádné tagy
LEADER 06832nim a2201513 i 4500
001 313143
003 CZ PrSKC
005 20260601215736.0
007 sd fungnnmmned
008 220811t20222022xr nnnng f n cze
015 |a cnb003442118 
024 3 |a 8594050434318 
040 |a ABA001  |b cze  |e rda 
072 7 |a 821.162.3-3  |x Česká próza  |2 Konspekt 
080 |a 821.162.3-31  |2 MRF 
080 |a (0:82-312.4)  |2 MRF 
080 |a (086.7)08  |2 MRF 
080 |a (086.76)  |2 MRF 
100 1 |a Březina, Jiří,  |d 1980-  |7 xx0114321  |4 aut 
245 1 0 |a Mizení /  |c Jiří Březina 
264 1 |a Praha :  |b Voxi,  |c [2022] 
264 4 |c ©2022 
300 |a 1 audiodisk (9 hod., 28 min.) ;  |c 12 cm 
306 |a 092800 
336 |a mluvené slovo  |b spw  |2 rdacontent 
337 |a audio  |b s  |2 rdamedia 
338 |a audiodisk  |b sd  |2 rdacarrier 
344 |a digital  |b optical  |2 rda 
347 |a audio soubor  |b MP3  |2 rda 
500 |a Název z disku 
500 |a Copyright Albatros Media 
500 |a Nezkrácená audiokniha ve formátu MP3 
500 |a Podle stejnojmenné knihy vydané nakladatelstvím Motto v roce 2021 
511 0 |a Čte Jakub Saic 
520 2 |a Další z řady detektivních románů s hlavním hrdinou Tomášem Volfem a jeho kolegyní Evou Černou.  |b Policista Tomáš Volf řeší ten nejotřesnější případ své kariéry. Vražda spojená se žhářským útokem otřásla i jeho zkušenějšími kolegy. Představuje výročí Hitlerova narození a rasistický nápis na zdi spojitost s extremisty, nebo jde jen o snahu odvrátit pozornost od mnohem závažnějších zločinů? Tomáš Volf zjišťuje, jak podsvětí ovlivňuje lidské životy a zanechává trvalé stopy na těch nejbezbrannějších. Na scénu se vrací jeho bývalá kolegyně Eva Černá, jíž osud do cesty přivede chlapce, který v dětském krizovém centru tvrdí, že mu rodinu vyměnili za cizí lidi. Vzhledem k jeho problémovému chování a prožitému traumatu je mu však těžké uvěřit. Nakladatelská anotace. Kráceno. 
655 7 |a české romány  |7 fd133974  |2 czenas 
655 7 |a detektivní romány  |7 fd132010  |2 czenas 
655 7 |a audioknihy  |7 fd119452  |2 czenas 
655 7 |a kompaktní disky  |7 fd201991  |2 czenas 
655 9 |a Czech fiction  |2 eczenas 
655 9 |a detective novels  |2 eczenas 
655 9 |a audiobooks  |2 eczenas 
655 9 |a compact discs  |2 eczenas 
700 1 |a Saic, Jakub,  |d 1969-  |7 xx0225636  |4 nrt 
787 0 8 |i Z cyklu:  |t Detektiv Volf  |g 4 
900 |a ABA001  |b 20 
044 |a xr 
505 0 0 |t 00_Prolog (3 min., 15 sek.) 
505 0 0 |t 01_Kapitola 1 (10 min., 10 sek.) 
505 0 0 |t 02_Kapitola 2 (7 min., 59 sek.) 
505 0 0 |t 03_Kapitola 3 (9 min., 31 sek.) 
505 0 0 |t 04_Kapitola 4 (6 min., 53 sek.) 
505 0 0 |t 05_Kapitola 5 (10 min., 52 sek.) 
505 0 0 |t 06_Kapitola 6 (8 min., 26 sek.) 
505 0 0 |t 07_Kapitola 7 (11 min., 45 sek.) 
505 0 0 |t 08_Kapitola 8 (7 min., 57 sek.) 
505 0 0 |t 09_Kapitola 9 (5 min., 19 sek.) 
505 0 0 |t 10_Kapitola 10 (10 min., 17 sek.) 
505 0 0 |t 11_Kapitola 11 (6 min., 56 sek.) 
505 0 0 |t 12_Kapitola 12 (9 min., 2 sek.) 
505 0 0 |t 13_Kapitola 13 (6 min., 25 sek.) 
505 0 0 |t 14_Kapitola 14 (9 min., 4 sek.) 
505 0 0 |t 15_Kapitola 15 (9 min., 23 sek.) 
505 0 0 |t 16_Kapitola 16 (8 min., 17 sek.) 
505 0 0 |t 17_Kapitola 17 (7 min., 40 sek.) 
505 0 0 |t 18_Kapitola 18 (6 min., 50 sek.) 
505 0 0 |t 19_Kapitola 19 (7 min., 19 sek.) 
505 0 0 |t 20_Kapitola 20 (6 min., 59 sek.) 
505 0 0 |t 21_Kapitola 21 (7 min., 13 sek.) 
505 0 0 |t 22_Kapitola 22 (9 min., 36 sek.) 
505 0 0 |t 23_Kapitola 23 (9 min., 54 sek.) 
505 0 0 |t 24_Kapitola 24 (8 min., 18 sek.) 
505 0 0 |t 25_Kapitola 25 (8 min., 16 sek.) 
505 0 0 |t 26_Kapitola 26 (7 min., 58 sek.) 
505 0 0 |t 27_Kapitola 27 (5 min., 27 sek.) 
505 0 0 |t 28_Kapitola 28 (4 min., 23 sek.) 
505 0 0 |t 29_Kapitola 29 (6 min., 55 sek.) 
505 0 0 |t 30_Kapitola 30 (7 min., 22 sek.) 
505 0 0 |t 31_Kapitola 31 (6 min., 29 sek.) 
505 0 0 |t 32_Kapitola 32 (4 min., 30 sek.) 
505 0 0 |t 33_Kapitola 33 (6 min., 59 sek.) 
505 0 0 |t 34_Kapitola 34 (6 min., 20 sek.) 
505 0 0 |t 35_Kapitola 35 (6 min., 18 sek.) 
505 0 0 |t 36_Kapitola 36 (3 min., 55 sek.) 
505 0 0 |t 37_Kapitola 37 (7 min., 42 sek.) 
505 0 0 |t 38_Kapitola 38 (8 min., 25 sek.) 
505 0 0 |t 39_Kapitola 39 (7 min., 33 sek.) 
505 0 0 |t 40_Kapitola 40 (8 min., 2 sek.) 
505 0 0 |t 41_Kapitola 41 (7 min., 5 sek.) 
505 0 0 |t 42_Kapitola 42 (7 min., 46 sek.) 
505 0 0 |t 43_Kapitola 43 (7 min., 50 sek.) 
505 0 0 |t 44_Kapitola 44 (7 min., 59 sek.) 
505 0 0 |t 45_Kapitola 45 (7 min., 30 sek.) 
505 0 0 |t 46_Kapitola 46 (5 min., 53 sek.) 
505 0 0 |t 47_Kapitola 47 (6 min., 17 sek.) 
505 0 0 |t 48_Kapitola 48 (4 min., 23 sek.) 
505 0 0 |t 49_Kapitola 49 (8 min., 13 sek.) 
505 0 0 |t 50_Kapitola 50 (7 min., 22 sek.) 
505 0 0 |t 51_Kapitola 51 (7 min., 54 sek.) 
505 0 0 |t 52_Kapitola 52 (8 min., 21 sek.) 
505 0 0 |t 53_Kapitola 53 (6 min., 17 sek.) 
505 0 0 |t 54_Kapitola 54 (5 min., 21 sek.) 
505 0 0 |t 55_Kapitola 55 (5 min., 10 sek.) 
505 0 0 |t 56_Kapitola 56 (8 min., 52 sek.) 
505 0 0 |t 57_Kapitola 57 (6 min., 50 sek.) 
505 0 0 |t 58_Kapitola 58 (6 min., 50 sek.) 
505 0 0 |t 59_Kapitola 59 (6 min., 23 sek.) 
505 0 0 |t 60_Kapitola 60 (5 min., 16 sek.) 
505 0 0 |t 61_Kapitola 61 (6 min., 10 sek.) 
505 0 0 |t 62_Kapitola 62 (7 min., 3 sek.) 
505 0 0 |t 63_Kapitola 63 (7 min., 33 sek.) 
505 0 0 |t 64_Kapitola 64 (5 min., 16 sek.) 
505 0 0 |t 65_Kapitola 65 (7 min., 15 sek.) 
505 0 0 |t 66_Kapitola 66 (6 min., 37 sek.) 
505 0 0 |t 67_Kapitola 67 (6 min., 57 sek.) 
505 0 0 |t 68_Kapitola 68 (9 min., 48 sek.) 
505 0 0 |t 69_Kapitola 69 (5 min., 2 sek.) 
505 0 0 |t 70_Kapitola 70 (5 min., 15 sek.) 
505 0 0 |t 71_Kapitola 71 (6 min., 59 sek.) 
505 0 0 |t 72_Kapitola 72 (7 min., 15 sek.) 
505 0 0 |t 73_Kapitola 73 (8 min., 33 sek.) 
505 0 0 |t 74_Kapitola 74 (7 min., 4 sek.) 
505 0 0 |t 75_Kapitola 75 (6 min., 13 sek.) 
505 0 0 |t 76_Kapitola 76 (4 min., 13 sek.) 
505 0 0 |t 77_Kapitola 77 (6 min., 47 sek.) 
505 0 0 |t 78_Epilog (3 min., 45 sek.) 
910 |a RBIT002 
998 |d 362539  |a https://core.palmknihy.cz/api/books/362539/cover?so9r3t  |b https://core.palmknihy.cz/api/books/362539/cover/400?so9r3t  |c https://core.palmknihy.cz/api/books/362539/cover/50?so9r3t  |e 2031-12-31  |i 8594050434318  |l 34080  |q 49  |r 1  |s https://www.palmknihy.cz/kniha/362539  |t audiobook  |y 2022  |z 0  |v Policista Tomáš Volf  |w 4 
999 |d 313141